01465nam a2200289 a 4500001001000000005001700010008004100027041000800068044000700076084002200083100003200105245012500137260001900262300002700281500004800308500022300356500002800579500004300607500014500650500006200795506009200857546005200949600003201001650007501033700004001108700002701148BRCA_545220190320205102.0171210s1748----mx-######v---#000-0#spa-# aspa amx aDOC74b.G37c17481 aGarcía de Mendieta, Walth10aDocumento de Walth García de MendietacWalth García de Mendieta, Sebastían de Torres, Antonio de Secca y Guzmán. aMéxicoc1748 a[5] fojasc31 x 22 cm. aDocumento expedido el 30 de octubre de 1748 aSe presenta relación de la data de los gastos realizados por el contador Antonio Secca y Guzmán y data de haber entregado  2,000 en plata a Don sebastián de Torres. Documento firmado por Walth García Mendieta. aPapel con marca de agua aEl documento tiene la leyenda DOC. #74 aMargen superior tiene la leyenda: SELLO SEGUNDO Y UN QUARTILLO, A AÑOS DE MIL SETECIENTOS Y QUARENTA Y OCHO. Contiene sello Real Español aEstado de conservación: contiene márgenes maltratados0 aFondo reservado: para su consulta es necesario credencial de usuario y carta de motivos aTexto en: español de mediados del siglo XVIII14aGarcía de Mendieta, Walth14aDocumentos legalesvManuscritoxHistoriayColonia, 1521-1821zMéxico1 aSecca y Guzmán, AntoniocContador1 aTorres, Sebastián de